00514 2200181 4500001002100000005001500021035002000036007000300056008004100059020001800100082001100118084001700129100002100146245007500167260003800242300004200280650001000322INLIS00000000000024020231110024315 a0010-1123000023ta231110 g 0 ind  a978-002-562-9 a633.84 a633.84 WAH m0 aWahyu Dwi Widodo1 aMemperpanjang Umur Produksi Cabai :b60 Kali Petik /cWahyu Dwi Widodo aJakarta :bPenebar Swadaya,c2012 aiv, 68 hlm, :bilus, ;c15 cm x 21 cm 4aCabai